| 000 | 01183nam a2200253Ia 4500 | ||
|---|---|---|---|
| 999 |
_c39298 _d39298 |
||
| 001 | 5884 | ||
| 003 | GE_BSU | ||
| 005 | 20191029104130.0 | ||
| 008 | 181216s2012||||ge |||||||||||||| ||geo|| | ||
| 020 | _a9789941039454 | ||
| 040 | _cGE_BSU | ||
| 041 | _ageo | ||
| 080 | _a75(479.223)(084.1) ა-97 | ||
| 245 |
_aაჭარის თანამედროვე მხატვრობა = Modern painting of Ajara : _bალბომი / _cპროექტის ავტორი გიორგი ჯანბერიძე. |
||
| 264 |
_aბათუმი : _b "სეზანი", _c2012. |
||
| 300 |
_a104 გვ. : _b ილ. ; _c30 სმ. |
||
| 500 | _a თავფურ. და ტექსტი ქართ. და ინგლ. | ||
| 541 | _h14ლ.20თ. | ||
| 653 | _aაჭარელი მხატვრების ალბომები | ||
| 653 | _aალბომი | ||
| 700 |
_aჯანბერიძე, გიორგი _eპროექტის ავტორი _95048 |
||
| 710 |
_aაჭარის განათლ., კულტ. და სპორტის სამინისტრო _95049 |
||
| 942 |
_cBK _2udc |
||